| 000 | 01104pam a2200325 a 4500 | ||
|---|---|---|---|
| 001 | 013807604 | ||
| 003 | OSt | ||
| 005 | 20240818092946.0 | ||
| 008 | 070801t2008 xxua frbd 001 0 eng d | ||
| 020 | _a9780131350632 (Int. ed. : pbk.) | ||
| 020 | _a0131350633 (Int. ed. : pbk.) | ||
| 040 |
_aStDuBDS _beng _cStDuBDS _dUk |
||
| 082 | 0 | 4 |
_a512.5 _222 _bKOL |
| 100 | 1 |
_aKolman, Bernard, _d1932- _934919 |
|
| 245 | 1 | 0 |
_aElementary linear algebra with applications / _cBernard Kolman, David R. Hill. |
| 250 | _a9th ed. | ||
| 260 |
_aUpper Saddle River, United States : _bPearson Prentice Hall, _cc.2008 |
||
| 300 |
_a[Various pagings] : _bill. ; _c26 cm. |
||
| 500 | _aIncludes index. | ||
| 500 | _aIncludes glossary. | ||
| 500 | _aIncludes appendix. | ||
| 650 | 0 |
_aAlgebras, Linear _vProblems, exercises, etc. _934920 |
|
| 653 |
_bGen _cJanuary2014 |
||
| 655 |
_vtext book _933728 |
||
| 700 | 1 |
_aHill, David R. _q(David Ross), _d1943- _934921 |
|
| 942 |
_2ddc _k512.5 KOL _hRDA-MOD |
||
| 999 |
_c17959 _d17931 |
||
| 336 |
_2rdacontent _atext _btxt |
||
| 337 |
_aunmediated _2rdamedia _bn |
||
| 338 |
_avolume _bnc _2rdacarrier |
||